Journal of Early Modern History.

محفوظ في:

التنسيق: دورية

اللغة: Undetermined

الموضوعات:

الوصول للمادة أونلاين: Login to view Source

الوسوم: إضافة وسم

لا توجد وسوم, كن أول من يضع وسما على هذه التسجيلة!

رقم الطلب:

LEADER 00518nms a2200181Ia 4500
005 20240402053844.0
008 240131s9999||||xx |||||||||||||||||und||
999 |c 56448  |d 56448 
022 |a 1385-3783 
022 |a 1570-0658 
245 0 0 |a Journal of Early Modern History. 
336 |2 rdacontent  |a text  |b txt 
337 |2 rdamedia  |a unmediated  |b n 
338 |2 rdacarrier  |a volume  |b n 
500 |a BRILLBRILLJ 
650 4 |a European history. 
856 |z JEMH  |u https://brill.com/view/journals/jemh/jemh-overview.xml 
942 |2 lcc  |c EJL